Statystyki dla Państwa Europy bez litery R

Kliknij tutaj aby rozwiązać quiz!

Ogólne statystyki

  • Ten quiz został rozwiązany 499 razy
  • Średni wynik to 21 z 24

Statystyki odpowiedzi

Państwo% Poprawnych
Polska
99%
Czechy
96%
Litwa
96%
Hiszpania
95%
Łotwa
95%
Niemcy
95%
Szwecja
95%
Estonia
93%
Finlandia
93%
Belgia
91%
Dania
91%
Słowacja
91%
Włochy
91%
Albania
88%
Holandia
88%
Słowenia
88%
Islandia
86%
Watykan
86%
Liechtenstein
84%
Mołdawia
83%
Malta
82%
Monako
82%
Macedonia
Północna
80%
Kosowo
79%

Rozkład punktacji

Percentyl według liczby udzielonych odpowiedzi

Procent ludzi z każdym wynikiem

Twoja historia wyników

Nie rozwiązałeś tego quizu